| 000 | 01006nam a2200301 4500 | ||
|---|---|---|---|
| 003 | DO-SdBPM | ||
| 005 | 20250519112126.0 | ||
| 007 | ta | ||
| 008 | 161207b2011 p 00| 0 spa d | ||
| 020 | _a9583008036 | ||
| 040 |
_aDO-SdBPM _bspa _cBPMSU _erda |
||
| 082 | 4 |
_a853.8 _bC714pi 2001 _222 |
|
| 100 | 1 |
_a Collodi, Carlo, _d 1826-1890. _eautor |
|
| 245 | 1 | 0 |
_aPinocho / _cCarlo Lorenzini ; prólogo Carolina Mayorga ; ilustración Jairo Linares Landínez |
| 264 |
_aColombia : _bPanamericana Editorial, _c2001 |
||
| 300 |
_3 283 p. : _bils. ; _c23 cm |
||
| 336 |
_atexto _btxt _2rdacontent |
||
| 337 |
_asin mediación _bn _2rdamedia |
||
| 338 |
_avolumen _bnc _2rdacarrier |
||
| 490 | 0 | _aLiteratura juvenil | |
| 590 | _aInventariado, 2025/VM | ||
| 650 | 7 |
_aCuentos Juveniles italianos _x |
|
| 650 | 7 | _aLiteratura juvenil italiana | |
| 700 | 1 |
_aMayorga,Carolina _eprólogo |
|
| 700 | 1 |
_aLinares Landínez, Jairo _e ilustración |
|
| 910 | _aVMateo V. Control de calidad BPMSU | ||
| 942 |
_2ddc _cBK |
||
| 999 |
_c15061 _d15061 |
||